| 000 | 01081cam a2200277 4500 | ||
|---|---|---|---|
| 001 | L128828 | ||
| 008 | 050217n2005 000 0 eng u | ||
| 020 | _a0582894085 | ||
| 035 | _a(Sirsi) u128828 | ||
| 041 | _aeng | ||
| 050 |
_a346.41072 _c18 |
||
| 100 | _aAtiyah, P. S. | ||
| 245 | 4 | _aThe sale of goods | |
| 250 | _a11th ed. | ||
| 260 |
_aHarlow _bPearson Education Ltd. _c2005 |
||
| 300 |
_axlii, 574p. _c24cm. |
||
| 350 | _a37.99 | ||
| 520 | _aGives a full account of the law of sale of goods in the United Kingdom. This 11th edition has been brought up to date with legislative and common law changes that have taken place over the last few years especially the ones brought in by the new Consumer Guarantees Directive (Directive 1999/44/EC) which has required substantial amendment to the Sale of Goods Act 1979. | ||
| 590 | _aIKA190705 | ||
| 650 | _aDIRECTIVE 1999/44/EC | ||
| 650 | _aSALE OF GOODS ACT 1979 | ||
| 690 | _aMANAGEMENT-DISPUTE AVOIDANCE, MANAGEMENT AND RESOLUTION | ||
| 700 | _aAdams, John N. | ||
| 700 | _aMacQueen, Hector | ||
| 942 | _n0 | ||
| 999 |
_c104024 _d104024 |
||